000 00519nam a2200181Ia 4500
003 GCL
008 140319s9999 xx 000 0 ara d
040 _aGCL /
_cGCL
082 0 4 _aد
_b050
100 1 _aفوزية مهران
245 1 0 _aرب اجعل لى اية ( اقرا 571 ) /
_cفوزية مهران
300 _a90 ص
490 _aوثائق ونصوص
_v0
650 0 4 _aالقران - تفسير
650 0 4 _aالقران - سور وايات
650 0 4 _aالقران الكريم
942 _2ddc
_cCF
999 _c27307
_d27307